000 01058nac a22003377a 4500
001 BR0202582
003 BR-BrBNA
005 20240105122647.0
008 230509b bl.|||m| |||| 00| 0 por d
040 _aBR-BrBNA
_bpor
_cBiblioteca Nacional de Agricultura
072 _aF03
090 _a1190 BR0202582
100 1 _aAraújo, E.C.E.
100 1 _aOliveira, F.das C.
100 1 _aVasconcelos, L.F.L.
100 1 _aAlcoforado Filho, F.G.
100 1 _aSoares, E.B.
110 1 _aEMBRAPA Meio-Norte, Teresina, PI (Brasil)
245 1 _aMétodos para reduzir o tempo de germinação de sementes de bacuri (Platonia insignis Mart.)
260 3 _aTeresina, PI (Brasil):
_c1999.
300 _a14 p.
490 _aBoletim de Pesquisa - EMBRAPA Meio Norte (Brazil)
_vno. 25
_xISSN 1413-1455
500 _a5 ref.; Summaries (En, Pt)
650 _aBACURI
650 _aSEMENTE
650 _aGERMINAÇÃO
650 _aTRATAMENTO DE SEMENTE
650 _aMÉTODO
909 _a202312
_bLúcia Elande
_c55
_dLúcia Elande
942 _2AGRIS
_n0
_cMS
999 _c292177
_d292177